000 00335pam a2200145 a 4500
020 _c
041 _h
082 _a658.14999999999998
_bREY
100 _aReynolds, I.N.
245 _aFinancial Accounting
_hTextual Documents
260 _aHinsdale
_bThe Dryden Press
300 _a790/PB
700 _aHillman, A.D.
930 _a6751
999 _c113579
_d113579